"Stability Tables" Trim and Stability Particulars Of M.V. Hindship / (Record no. 1537)

000 -LEADER
fixed length control field 00593nam a2200229Ia 4500
007 - PHYSICAL DESCRIPTION FIXED FIELD--GENERAL INFORMATION
fixed length control field ta
008 - FIXED-LENGTH DATA ELEMENTS--GENERAL INFORMATION
fixed length control field 190805s2010 ii a|||g||||||||| ||und||
020 ## - INTERNATIONAL STANDARD BOOK NUMBER
Terms of availability Rs. 80.00
040 ## - CATALOGING SOURCE
Original cataloging agency IMU Kochi Library
Language of cataloging eng
041 0# - LANGUAGE CODE
Language code of text/sound track or separate title eng
044 ## - COUNTRY OF PUBLISHING/PRODUCING ENTITY CODE
MARC country code India
082 04 - DEWEY DECIMAL CLASSIFICATION NUMBER
Classification number 623.8171
Item number B4693
Edition number 23
100 1# - MAIN ENTRY--PERSONAL NAME
Personal name Bhandarkar
245 10 - TITLE STATEMENT
Title "Stability Tables" Trim and Stability Particulars Of M.V. Hindship /
260 ## - PUBLICATION, DISTRIBUTION, ETC. (IMPRINT)
Place of publication, distribution, etc Mumbai :
Name of publisher, distributor, etc Bhandarkar Publications ,
Date of publication, distribution, etc 2010.
300 ## - PHYSICAL DESCRIPTION
Extent 61 p. :
Other physical details ill. ;
Dimensions 32 cm.
650 #0 - SUBJECT ADDED ENTRY--TOPICAL TERM
Topical term or geographic name as entry element Stability of ships
Form subdivision Tables
700 ## - ADDED ENTRY--PERSONAL NAME
Personal name
852 ## - LOCATION/CALL NUMBER
Location IMU Kochi Library
904 ## - LOCAL DATA ELEMENT D, LDD (RLIN)
CATALOGER Akhil Bose
942 ## - ADDED ENTRY ELEMENTS (KOHA)
Item type Reference book
Holdings
Withdrawn status Lost status Source of classification or shelving scheme Damaged status Not for loan Collection code Permanent location Current location Shelving location Date acquired Source of acquisition Cost, normal purchase price Total Checkouts Total Renewals Full call number Barcode Date last seen Date last borrowed Koha item type Public note Checked out
          Nautical Science IMU Kochi Library IMU Kochi Library General Stacks 2012-05-03 M/s VDO Marine Instruments (Inv. 3052 dt. 2012-05-16) 80.00 14 1 623.8171 B4693 BK000343 2026-04-20 2026-04-02 Books Gen. Shelf-13, Row-2  
          Nautical Science IMU Kochi Library IMU Kochi Library General Stacks 2012-05-03 M/s VDO Marine Instruments (Inv. 3052 dt. 2012-05-16) 80.00 11 1 623.8171 B4693 BK000344 2026-04-20 2026-04-01 Books Gen. Shelf-13, Row-2  
          Nautical Science IMU Kochi Library IMU Kochi Library General Stacks 2012-05-03 M/s VDO Marine Instruments (Inv. 3052 dt. 2012-05-16) 80.00 6   623.8171 B4693 BK000345 2025-09-16 2025-09-12 Books Gen. Shelf-13, Row-2  
          Nautical Science IMU Kochi Library IMU Kochi Library General Stacks 2012-05-03 M/s VDO Marine Instruments (Inv. 3052 dt. 2012-05-16) 80.00 4 3 623.8171 B4693 BK000346 2025-10-03 2025-08-11 Books Gen. Shelf-13, Row-2  
          Nautical Science IMU Kochi Library IMU Kochi Library General Stacks 2012-05-03 M/s VDO Marine Instruments (Inv. 3052 dt. 2012-05-16) 80.00 9 3 623.8171 B4693 BK000347 2026-04-20 2026-03-13 Books Gen. Shelf-13, Row-2  
          Nautical Science IMU Kochi Library IMU Kochi Library General Stacks 2013-02-18 M/s Sterling Book House (Inv. No.2134 dt. 2013-02-02) 80.00 15 5 623.8171 B4693 BK000576 2026-04-01 2026-04-01 Books Gen. Shelf-13, Row-2 2026-04-16
          Nautical Science IMU Kochi Library IMU Kochi Library General Stacks 2013-02-18 M/s Sterling Book House (Inv. No.2134 dt. 2013-02-02) 80.00 5 1 623.8171 B4693 BK000577 2025-10-07 2025-09-01 Books Gen. Shelf-13, Row-2  
          Nautical Science IMU Kochi Library IMU Kochi Library General Stacks 2016-09-09     7 3 623.8171 B4693 BK002883 2026-04-23 2026-03-10 Books Gen. Shelf-13, Row-2  


Copyright © All Rights Reserved by Indian Maritime University, Kochi Campus.
For any Suggestions/Query Contact to library or Email: library.kochi@imu.ac.in Ph:(0484)-2989402
(Web OPAC Designed by Rudra Ranjan. Maintained by IMU Kochi Library)

Powered by Koha